000 00666nam a2200289Ia 4500
005 20260401122311.0
008 008 250103s9999 xx 000 0 eng d
020 _a978-0-19-923871-2
037 _aTB
040 _aEDL
040 _beng
040 _cEDL
041 _2eng
041 _aeng
084 _a305.42 MOI
084 _qEDL
100 _aMoi, Toril
_91233135
245 0 _aSimone De Beauvoir: Making of an Intellectual Women
245 0 _cMoi, Toril
260 _aNew York
260 _bOxford University Press
260 _c2008
942 _cTB
942 _h305.42 MOI
999 _c1846345
_d1846345